LEADER 01207nam a2200277 4500 001 000000359198 003 CaOOAMICUS 005 20240802145321.0 008 240802s2007 it a 000 u ita r 020 $a978-88-7203-348-7 040 $aSeMil$bita 100 1 $aPirovano, Carlo.$0(OLS)http://semarc/name/264 245 10$aSotto il cielo di Lombardia :$bbreve storia degli Umiliati /$cCarlo Pirovano ; prefazione di Paolo Gulisano. 264 1$aBarzago (Lc) :$bMarna,$c2007. 300 $a111 p. :$bill. ;$c21 cm 490 1 $aLa nuova cultura 650 4$aUmiliati - Storia.$0(OLS)http://semarc/subject/56134 700 1 $aGulisano, Paolo,$d<1959- >.$0(OLS)http://semarc/name/26191 830 3$aLa nuova cultura.$0(OLS)http://semarc/title/26998 850 $aSeMil 852 $aSeMil$W1$xVenegono$y1$m3F II 1203$j250077$B250244$CSeMilBibl$Z2$F250244 $81 961 $aPerego don Stefano - Omaggio 996 $6020$a978-88-7203-348-7$9(OLS)http://semarc/number/300920 996 $6245$aSotto il cielo di Lombardia :$bbreve storia degli Umiliati$9(OLS)http://semarc/title/449643 996 $6264$aBarzago (Lc) :$bMarna$9(OLS)http://semarc/publisher/32565 LEADER 00755nam a2200205 i 4500 001 000000181244 003 CaOOAMICUS 005 20090826000000.0 008 090826s1953 it u000 u ita u 013 $a159076 040 $aSeMil$bita 245 10$aFascicolo 9. 300 $a253 p. 490 0 $aStudi e testi ;$v175 700 1 $aFranchi de' Cavalieri, Pio,$d<1869-1960>.$0(OLS)http://semarc/name/9626 773 0 $aFranchi de' Cavalieri, Pio <1869-1960>$tNote agiografiche.$dRoma : Tipografia Vaticana, 1902.$w()21545 830 0$aStudi e testi ;$v175.$0(OLS)http://semarc/title/153 850 $aSeMil 852 $aSeMil$W1$xVenegono$y1$m3C V 176$j131985$B131985$CSeMilBibl$Z2$F143763 $81 996 $6245$aFascicolo 9$9(OLS)http://semarc/title/260207